Teória práva

Guardado en:
Detalles Bibliográficos
Autor principal: Bröstl, Alexander
Formato: Libro
Lenguaje:eslovaco
Publicado: Plzeň Vydavatelství a nakladatelství Aleš Čeněk 2013
Colección:Slovenské učebnice
Materias:
Etiquetas: Agregar Etiqueta
Sin Etiquetas, Sea el primero en etiquetar este registro!

MARC

LEADER 00000nam a2200000 4500
001 0172005
005 20240226134336.8
020 |a 978-80-7380-425-1 
041 0 |a slo 
044 |a CZ 
245 1 0 |a Teória práva  |c Alexander Bröstl a kolektív 
264 1 |a Plzeň  |b Vydavatelství a nakladatelství Aleš Čeněk  |c 2013 
300 |a 199 s. 
490 1 |a Slovenské učebnice 
830 0 |a Slovenské učebnice 
610 2 0 |a právo 
610 2 0 |a teórie právne 
610 2 0 |a vývoj 
610 2 0 |a normy právne 
610 2 0 |a vzťahy právne 
610 2 0 |a zodpovednosť právna 
610 2 0 |a štát právny 
100 1 |a Bröstl, Alexander